Top 50 Girl Names in MO 2013 Quiz Stats

 Plays Quiz not verified by Sporcle

Also try: Famous Gordons
Challenge
Share
Tweet
Embed
Score 0/50 Timer 07:00
0 Plays Today
% Correct
Emma
93.5%
Emily
88%
Olivia
84.8%
Hannah
83.7%
Elizabeth
80.4%
Sophia
78.3%
Lily
77.2%
Madison
77.2%
Charlotte
77.2%
Isabella
77.2%
Ava
76.1%
Chloe
73.9%
Abigail
73.9%
Grace
72.8%
Lillian
72.8%
Anna
70.7%
Amelia
70.7%
Natalie
69.6%
Addison
68.5%
Mia
67.4%
Alexis
66.3%
Brooklyn
66.3%
Evelyn
65.2%
Ella
65.2%
Zoey
64.1%
% Correct
Lucy
60.9%
Kaylee
59.8%
Avery
59.8%
Harper
59.8%
Leah
58.7%
Allison
58.7%
Nevaeh
57.6%
Aubrey
57.6%
Audrey
56.5%
Ellie
55.4%
Claire
55.4%
Kylie
54.3%
Layla
54.3%
Savannah
51.1%
Taylor
51.1%
Riley
50%
Nora
50%
Peyton
48.9%
Autumn
41.3%
Kennedy
38%
Lydia
35.9%
Serenity
33.7%
Aubree
30.4%
Skylar
26.1%
Hadley
23.9%

You're not logged in!

Compare scores with friends on all Sporcle quizzes.
Join for Free
OR
Log In

You Might Also Like...

Show Comments

Extras

Top Quizzes Today


Score Distribution

Your Account Isn't Verified!

In order to create a playlist on Sporcle, you need to verify the email address you used during registration. Go to your Sporcle Settings to finish the process.

Report this User

Report this user for behavior that violates our Community Guidelines.

Details: